| 000 | 00570cam a22002053a 4500 | ||
|---|---|---|---|
| 001 | 40274 | ||
| 003 | PGUSA | ||
| 005 | 20140828083911.0 | ||
| 008 | 120719s2012||||xxu|||||s|||||000 | eng d | ||
| 040 |
_aPGUSA _beng |
||
| 042 | _adc | ||
| 245 | 1 | 0 |
_aMaps of Old London _h[electronic resource] / _cAnonymous |
| 260 |
_bProject Gutenberg, _c2012 |
||
| 506 | _aPublic domain in the USA. | ||
| 516 | _aElectronic text | ||
| 700 | 1 |
_aMitton, G. E. _q(Geraldine Edith) |
|
| 830 | 0 |
_aProject Gutenberg _v40274 |
|
| 856 | 4 | 0 | _uhttp://www.gutenberg.org/ebooks/40274 |
| 942 | _cEB | ||
| 999 |
_c269527 _d269527 |
||